Splendid : Les films avec Christian Clavier ou Thierry Lhermitte - Statistiques

Statistiques générales
  • Ce quiz a été pris 79 fois
  • Le résultat moyen est 18 sur 30
Statistiques - réponses
Hint Extra Hint Réponse % Correct
Astérix et Obélix mission Cléopâtre 2002 Christian Clavier
96%
Les Visiteurs 1993 Christian Clavier
96%
Les Bronzés font du ski 1979 Les deux
95%
Qu'est ce qu'on a fait au Bon Dieu ? 2014 Christian Clavier
93%
Un indien dans la ville 1994 Thierry Lhermitte
88%
Le Zèbre 1992 Thierry Lhermitte
86%
Les anges gardiens 1995 Christian Clavier
74%
Promotion canapé 1990 Thierry Lhermitte
74%
Les Ripoux 1984 Thierry Lhermitte
73%
L'opération Corned Beef 1991 Christian Clavier
70%
On ne choisit pas sa famille 2011 Christian Clavier
68%
Le mariage du siècle 1985 Thierry Lhermitte
67%
Le Placard 2001 Thierry Lhermitte
66%
Quai d'Orsay 2013 Thierry Lhermitte
60%
La femme de mon pote 1983 Thierry Lhermitte
59%
Irréductible 2022 Christian Clavier
55%
Un sac de billes 2017 Christian Clavier
55%
Elle voit des nains partout ! 1982 Les deux
52%
Clara et les chics types 1980 Les deux
51%
Les hommes préfèrent les grosses 1981 Thierry Lhermitte
49%
Tango 1993 Thierry Lhermitte
49%
Rock and Torah 1983 Les deux
47%
Que la fête commence 1975 Les deux
42%
La vengeance d'une blonde 1994 Les deux
36%
Cockail Molotov 1980 Christian Clavier
33%
La Sainte Victoire 2009 Christian Clavier
32%
F... comme Fairbanks 1976 Les deux
32%
Twist again à Moscou 1986 Christian Clavier
26%
L'Antidote 2005 Les deux
18%
Mystère à Saint-Tropez 2021 Les deux
18%
Aucun quiz correspondant
Distribution des résultats
% des personnes avec chaque résultat
Percentile par nombre de réponses
Votre historique - résultats
Vous n’avez pas pris ce quiz